000 00585nam a22002177a 4500
003 UA-OsUOA
001 45740
007 ta
008 20070510b un ||||| |||| 00| 0 ukr d
100 _aКодацький В.
090 _a330
_bК-11
942 _cSA
040 _aUA-OsUOA
_bukr
_cUA-OsUOA
_dUA-OsUOA
245 _aОрганізація діяльності банківських установ в умовах ринку
300 _aС.85-93
955 _a0
041 _aukr
080 _a330
773 0 _w45735
650 7 _a330 Економіка взагалі
_2UDC
999 _c331837
_d331837